000 00617nam a2200193 a 4500
005 20140310183156.0
008 021014s19uu xx 00 eng d
050 _aQA 76.8.I27
_b.Y47 1995
100 _aYeralan, Sencer
245 _aProgramming and interfacing the 8051 microcontroller /
_cSencer Yeralan.
260 _aReading, Mass. :
_bAddison-Wesley Pub. Co.,
_c1995.
300 _axiii, 328 p. :
_bill. ;
_c23 cm.
521 _aIT
650 _aIntel 8051 ( Computer )
_xprogramming.
650 _aDigital control systems.
650 _aEmbedded computer system.
942 _cBK
_2lcc
_kFOR
999 _c19778
_d19778